Statistiques concernant La culture générale en livres (XXe siècle)

Cliquez ici pour prendre le quiz!

Statistiques générales

  • Ce quiz a été pris 177 fois
  • Le résultat moyen est 11 sur 26

Statistiques - réponses

HintRéponse% Correct
Mein KampfAdolf Hitler
99%
La pesteAlbert Camus
94%
1984George Orwell
89%
Cinq leçons sur la psychanalyseSigmund Freud
83%
Le deuxième sexeSimone de Beauvoir
83%
À la recherche du temps perduMarcel Proust
80%
L'existentialisme est un humanismeJean-Paul Sartre
70%
Les raisins de la colèreJohn Steinbeck
70%
La condition humaineAndré Malraux
67%
Le meilleur des mondesAldous Huxley
57%
Si c'est un hommePrimo Lévi
56%
Hiroshima mon amourMarguerite Duras
44%
Les caves du VaticanAndré Gide
30%
Le système totalitaireHannah Arendt
29%
Théorie générale de l'emploi, de l'intérêt et de la monnaieJohn Keynes
23%
L'éthique protestante et l'esprit du capitalismeMax Weber
20%
Race et histoireClaude Lévi-Strauss
14%
Que faire ?Lénine
14%
Le choc des civilisationsSamuel Huntington
10%
La fin de l'histoire et le dernier hommeFrancis Fukuyama
9%
Les deux sources de la morale et de la religionHenri Bergson
8%
Théorie de la justiceJohn Rawls
8%
Les Trente glorieusesJean Fourastié
7%
L'opium des intellectuelsRaymond Aron
5%
Enquête sur la monarchieCharles Maurras
3%
Lettre sur l'humanismeMartin Heidegger
2%

Distribution des résultats

Percentile par nombre de réponses

% des personnes avec chaque résultat

Votre développement - résultats

Vous n’avez pas pris ce quiz